| Tag |
First Indicator |
Second Indicator |
Subfields |
| LEADER |
00000cam a22000001a 4500 |
| 001 |
in00003382621 |
| 006 |
m d f |
| 007 |
cr bn mmmapmmp |
| 008 |
100720s2001 dcu o f000 0 eng d |
| 005 |
20260430154645.9 |
| 035 |
|
|
|a cis2007895992
|
| 040 |
|
|
|a ProQuest
|c ProQuest
|d UtOrBLW
|
| 043 |
|
|
|a n-us---
|
| 099 |
|
|
|a CRS-2001-AML-0166
|
| 110 |
2 |
|
|a Library of Congress.
|b Congressional Research Service.
|
| 245 |
1 |
0 |
|a Pay Equity Legislation in the 106th and 107th Congress.
|
| 264 |
|
1 |
|a [Place of publication not identified] :
|b [publisher not identified],
|c 2001.
|
| 300 |
|
|
|a 1 online resource.
|
| 336 |
|
|
|a text
|b txt
|2 rdacontent
|
| 337 |
|
|
|a computer
|b c
|2 rdamedia
|
| 338 |
|
|
|a online resource
|b cr
|2 rdacarrier
|
| 500 |
|
|
|a Record is based on bibliographic data in ProQuest U.S. Congressional Research Digital Collection (last viewed July 2010). Reuse except for individual research requires license from ProQuest, LLC.
|
| 500 |
|
|
|a CRS Report.
|
| 520 |
|
|
|a Reviews gender-based wage gap, proposed remedies, and legislative action to address pay equity.
|
| 500 |
|
|
|a Electronic resource.
|
| 650 |
|
0 |
|a Discrimination in employment.
|
| 650 |
|
0 |
|a Wages.
|
| 655 |
|
7 |
|a Electronic books.
|2 local
|
| 710 |
2 |
|
|a ProQuest (Firm)
|
| 776 |
0 |
8 |
|i Microfiche version:
|a Library of Congress. Congressional Research Service.
|t Pay Equity Legislation in the 106th and 107th Congress
|
| 830 |
|
0 |
|a U.S. Congressional Research.
|
| 856 |
4 |
0 |
|u http://proxy.library.tamu.edu/login?url=https://congressional.proquest.com/congcomp/getdoc?CRDC-ID=CRS-2001-AML-0166
|z Connect to the full text of this electronic book
|t 0
|
| 999 |
|
|
|a MARS
|
| 999 |
f |
f |
|s 3548de39-f79b-3e93-9de7-7d9b72377cfc
|i 86541545-9db5-3614-b206-b5be6b6409e2
|t 0
|
| 952 |
f |
f |
|a Texas A&M University
|b College Station
|c Electronic Resources
|s www_evans
|d Available Online
|t 0
|e CRS-2001-AML-0166
|h Other scheme
|
| 998 |
f |
f |
|a CRS-2001-AML-0166
|t 0
|l Available Online
|